Museums and the shaping of knowledge
Αποθηκεύτηκε σε:
| Κύριος συγγραφέας: | |
|---|---|
| Μορφή: | Βιβλίο |
| Γλώσσα: | English |
| Δημοσίευση: |
London :
Routledge,
c1992.
|
| Σειρά: | Heritage
|
| Θέματα: | |
| Ετικέτες: |
Προσθήκη ετικέτας
Δεν υπάρχουν, Καταχωρήστε ετικέτα πρώτοι!
|
MARC
| LEADER | 00000cam a2200000 i 4500 | ||
|---|---|---|---|
| 001 | 1/335 | ||
| 008 | 000403s1992 enk| ||| |||| ||eng|| | ||
| 020 | |a 0415070317 | ||
| 035 | |l 10059621 | ||
| 040 | |a GR-MyUa |b gre |e AACR2 | ||
| 041 | 0 | |a eng | |
| 082 | 7 | |a 069.5 |2 (22) | |
| 100 | 1 | |a Hooper-Greenhill, Eilean, |d 1945- | |
| 245 | 1 | 0 | |a Museums and the shaping of knowledge / |c Eilean Hooper-Greenhill. |
| 260 | |a London : |b Routledge, |c c1992. | ||
| 300 | |a 232 σ. : |b εικ. ; |c 24 εκ. | ||
| 490 | 1 | |a (Heritage) | |
| 504 | |a Περιέχει βιβλιογραφικές παραπομπές και ευρετήριο. | ||
| 650 | 0 | |a Museums |x Management. | |
| 650 | 0 | |a Museum techniques. | |
| 650 | 0 | |a Museums |x Educational aspects. | |
| 767 | 0 | 8 | |i Μεταφρασμένο ως: |t Το μουσείο και οι πρόδρομοί του / |
| 830 | 0 | |a Heritage | |
| 852 | |a INST |b LESVOS |e 20000403 |h 069.5 HOO |p 005100020224 |q 005100020224 |t BK |y 0 | ||
| 852 | |a INST |b LESVOS |e 20050302 |h 069.5 HOO |p 005100030160 |q 005100030160 |t BK |y 0 | ||
| 901 | |a BIBL1-2000-1 | ||
| 901 | |a BIBL1-2005-1 | ||
| 920 | |a ΔΙΕΥΡΥΝΣΗ |b ΕΠΕΑΕΚ-ΠΤΕ |y Λέσβος |z 2004-10 | ||
| 922 | |a 1ΕΛΗ |b 200003 |c ΚΠΣ/ΤΚΑ |d ΠΑΠΑΣΩΤΗΡΙΟΥ | ||
| 950 | |a 117-1999-11-26 | ||
| 970 | |a ΜΟΥΣΤΑΚΑ |b ΠΗΝΕΛΟΠΗ |z 2000/04/20 | ||